000 00301nam a2200121Ia 4500
008 220217s9999||||xx |||||||||||||| ||und||
082 _a894.814 3 BHA
100 _aBhairappa, S.L
245 0 _aParva
260 _aLaxmi Mudhranalaya
_bBangalore
_c2007
300 _b325
650 _aGENERAL BOOKS
999 _c175244
_d175244